Štúdium mechanizmov rezistencie voči organickým kyselinám v rode Trichoderma bakalárska práca

Enregistré dans:
Détails bibliographiques
Auteur principal: Mikolajová, Mária
Format: Livre
Langue:slovaque
Publié: Bratislava STU FCHPT 2019
Accès en ligne:Voir à l'OPAC
Tags: Ajouter un tag
Pas de tags, Soyez le premier à ajouter un tag!

MARC

LEADER 00000nam a2200000 a 4500
005 20260127134203.0
008 190807 2019 xo a 001 0 slo d
035 |a vtls011880518 
039 9 |y 201908070935  |z mschk03 
040 |a STUSCHK1  |b slo  |c STUSCHK1  |e AACR2 
100 1 |a Mikolajová, Mária 
245 1 |a Štúdium mechanizmov rezistencie voči organickým kyselinám v rode Trichoderma  |b bakalárska práca  |c Mária Mikolajová 
260 |a Bratislava  |b STU FCHPT  |c 2019 
300 |a 49 s.  |b Obr., tab.  |c 25 cm 
500 |a Študijný program: biotechnológia 
500 |a Študijný odbor: biotechnológie 
500 |a Školiace pracovisko: Ústav biochémie a mikrobiológie 
500 |a Evid. číslo: FCHPT-5419-86785 
910 |a SCHK95 
999 |c 6169  |d 6169